Hagadah shel Pesaḥ.

Saved in:
நூற்பட்டியல் விவரங்கள்
வடிவம்: புத்தகம்
மொழி:Hebrew
வெளியீடப்பட்டது: Tel Aviv : Sinai, [1960?]
பகுதிகள்:
குறியீடுகள்: குறிச்சொல் இணை
குறியீடுகள் இல்லை, இந்த குறிச்சொல்லை முதலில் பதிவு செய்யுங்கள்!
LEADER 00429nam a22001697u 4500
001 007732484-6
005 20020606104010.5
008 850130s1960 is |||| ||||||0||||heb|d
035 0 |a ocn234551624 
130 0 |a Haggadah.  |f 1960. 
245 1 0 |a Hagadah shel Pesaḥ. 
260 0 |a Tel Aviv :  |b Sinai,  |c [1960?] 
300 |a 54 p. :  |b ill. ;  |c 10x13 cm. 
650 0 |a Haggadot  |x Texts. 
752 |a Israel  |d Tel Aviv 
988 |a 20020608 
906 |0 MH